Statistics for JR boarder stations

Click here to take the quiz!

General Stats

  • This quiz has been taken 4 times
  • The average score is 8 of 18

Answer Stats

HintAnswer% Correct
4hakata
100%
15atami
75%
7kojima
75%
2shin aomori
75%
3shin osaka
75%
1tokyo
75%
5joetsumyoko
50%
8maibara
50%
6shimonoseki
50%
17shiojiri
50%
10inotani
25%
11kameyama
25%
13kofu
25%
14kozu
25%
12minami otari
25%
16tatsuno
25%
18naka oguni
0%
9shinju
0%

Score Distribution

Percentile by Number Answered

Percent of People with Each Score

Your Score History

You have not taken this quiz